000 00718nam a2200253Ia 4500
005 20250425162617.0
008 250425s9999 xx 000 0 und d
041 _aspa
043 _aec
082 _a341.02636
100 _aCORPORACION, DE ESTUDIOS Y PUBLICACIONES
245 0 _aLEY DE SEGURIDAD SOCIAL TOMO I
250 _a1A ED.
260 _aEcuador
_bCORPORACION DE ESTUDIOS Y PUBLICACIONES
_c2014
260 _aQUITO
_bCORPORACION DE ESTUDIOS Y PUBLICACIONES
300 _a109
500 _aActualizada a marzo 2014
650 _aLEY DE SEGURIDAD SOCIAL
650 _aREFORMAS
650 _aREGLAMENTO
710 _aCORPORACION DE ESTUDIOS Y PUBLICACIONES
942 _c01
010 _a90243
999 _c232782
_d232782